Guess the One Direction Song from the image! - Statistics

General Stats
  • This quiz has been taken 227 times
  • The average score is 8 of 14
Answer Stats
Picture Answer % Correct
Diana
98%
Stockholm Syndrome
94%
Wolves
92%
Strong
88%
Magic
87%
Two Ghosts
73%
Change your ticket
72%
Chicago
61%
Where do broken hearts go
47%
Fools Gold
39%
Polaroid
32%
Paper Houses
22%
Lucozade
18%
Rock You
6%
No matching quizzes found
Score Distribution
Percent of People with Each Score
Percentile by Number Answered
Your Score History
You have not taken this quiz